[Event "Invitation"]
[Site "http://www.queenalice.com/game.php?id=1765456"]
[Date "2021.7.27"]
[Round "-"]
[White "Vany21"]
[Black "ecruzram"]
[Result "1-0"]
[WhiteElo "1100"]
[BlackElo "2163"]

1. e4 d5 2. exd5 Qxd5 3. Nc3 Qa5 4. d4 Nf6 5. Nf3 Bf5 6. Bc4 e6 7. Bd2 Bb4 8. a3
Bxc3 9. Bxc3 Qb6 10. Qe2 O-O 11. O-O-O Nd5 12. Ne5 Nxc3 13. bxc3 Nc6 14. Nd7 Qa5
15. Kb2 Rfd8 16. Nc5 Qb6+ 17. Bb3 e5 18. Na4 Qa6 19. Qxa6 bxa6 20. dxe5 Nxe5 21.
Nc5 a5 22. Rd4 Re8 23. Kc1 h5 24. Ba4 Re7 25. Re1 Kf8 26. Rf4 Ng6 27. Rxe7 Nxe7
28. Bb3 Rd8 29. Ra4 Nc6 30. Nb7 Re8 31. Nxa5 Ne5 32. Nb7 Ng4 33. h3 Nf6 34. Rxa7
Re2 35. a4 Ne4 36. Nd8 Nxf2 37. Nc6 1-0

[Event "Invitation"]
[Site "http://www.queenalice.com/game.php?id=1765459"]
[Date "2021.7.27"]
[Round "-"]
[White "ecruzram"]
[Black "Vany21"]
[Result "0-1"]
[WhiteElo "2168"]
[BlackElo "1100"]

1. c4 e5 2. Nc3 Nf6 3. Nf3 Nc6 4. g3 d5 5. cxd5 Nxd5 6. Bg2 Nb6 7. O-O Be7 8. d3
O-O 9. Be3 Re8 10. Rc1 Bf8 11. d4 exd4 12. Nxd4 Nxd4 13. Bxd4 c6 14. Ne4 Bg4 15.
f3 Be6 16. e3 Qe7 17. a3 Rad8 18. Qc2 Bd5 19. Rfd1 Nc4 20. Qc3 Qc7 21. Ng5 b5
22. Qc2 g6 23. e4 c5 24. Bf2 Bc6 25. a4 a6 26. Bf1 Rxd1 27. Rxd1 Ne5 28. axb5
axb5 29. Be2 c4 30. Bd4 Qe7 31. Nh3 f5 32. b3 fxe4 33. fxe4 Rd8 34. Qc3 Bg7 35.
Qe3 Qa3 36. Nf2 Qxb3 37. Qxb3 cxb3 38. Bxe5 Rxd1+ 39. Bxd1 Bxe5 40. Bxb3+ Kg7
41. Kg2 Bd4 42. Kf3 Bxf2 43. Kxf2 Kf6 44. Ke3 Ke5 45. Kd3 Bxe4+ 46. Kc3 Bd5 47.
Bc2 Bc4 48. h3 Be6 0-1

[Event "AUTO-OPEN-4296"]
[Site "http://www.queenalice.com/game.php?id=1765592"]
[Date "2021.7.28"]
[Round "1"]
[White "Vany21"]
[Black "ARRMA"]
[Result "1-0"]
[WhiteElo "1153"]
[BlackElo "1065"]

1. d4 Nf6 2. c4 e6 3. Nf3 d5 4. Nc3 dxc4 5. e4 Bb4 6. Bg5 h6 7. Bxf6 Bxc3+ 8.
bxc3 Qxf6 9. Bxc4 Qg6 10. Bd3 Qxg2 11. Rg1 Qh3 12. Rxg7 Kf8 13. Rxf7+ Kxf7 14.
Bf1 Qxf1+ 15. Kxf1 Nd7 16. Nh4 Nf6 17. e5 Nd5 18. Qh5+ Kg7 19. Qg6+ Kf8 20. c4
Ne7 21. Qf6+ 1-0

[Event "AUTO-OPEN-4296"]
[Site "http://www.queenalice.com/game.php?id=1765593"]
[Date "2021.7.28"]
[Round "1"]
[White "ARRMA"]
[Black "Vany21"]
[Result "0-1"]
[WhiteElo "1065"]
[BlackElo "1192"]

1. c4 e5 2. Nc3 Nf6 3. g3 Bb4 4. Nd5 Nxd5 5. cxd5 O-O 6. Bg2 c6 7. Qb3 Ba5 8. d6
Na6 9. Nf3 Qf6 10. Qe3 Re8 11. O-O Qxd6 12. d4 e4 13. Ne5 Qf8 14. Nc4 Bd8 15. a3
d5 16. Nd2 Nc7 17. b4 Ne6 18. Bb2 Bg5 19. Qc3 Nxd4 20. Qxd4 Bf6 0-1

[Event "AUTO-OPEN-4296"]
[Site "http://www.queenalice.com/game.php?id=1765594"]
[Date "2021.7.28"]
[Round "1"]
[White "Vany21"]
[Black "attachui"]
[Result "1-0"]
[WhiteElo "1267"]
[BlackElo "2099"]

1. e4 c5 2. Nf3 d6 3. d4 cxd4 4. Nxd4 Nf6 5. Nc3 a6 6. Bg5 e6 7. f4 Qb6 8. Qd2
Qxb2 9. Rb1 Qa3 10. e5 dxe5 11. fxe5 Nfd7 12. Ne4 Be7 13. Bxe7 Qxe7 14. Nd6+ Kf8
15. Be2 Nc6 16. Nxc6 bxc6 17. O-O f6 18. Qc3 Nxe5 19. Qxe5 Kg8 20. Qc5 Bd7 21.
Rb7 Rd8 22. Bc4 h6 23. Re1 Qf8 24. Rxe6 Bxe6 25. Bxe6+ 1-0

[Event "AUTO-OPEN-4296"]
[Site "http://www.queenalice.com/game.php?id=1765595"]
[Date "2021.7.28"]
[Round "1"]
[White "attachui"]
[Black "Vany21"]
[Result "0-1"]
[WhiteElo "2039"]
[BlackElo "1267"]

1. d4 Nf6 2. c4 e6 3. Nc3 Bb4 4. Nf3 b6 5. a3 Bxc3+ 6. bxc3 Ne4 7. Qc2 f5 8. e3
Bb7 9. Bb2 O-O 10. Nd2 Nxd2 11. Qxd2 Nc6 12. d5 Na5 13. Rd1 Ba6 14. dxe6 dxe6
15. Qc2 Qe8 16. c5 Bxf1 17. Kxf1 Qb5+ 18. Qe2 Nc4 19. Bc1 Qxc5 20. g3 Rad8 21.
Rd4 Ne5 22. Bb2 Qc6 23. e4 Rxd4 24. cxd4 fxe4 25. dxe5 e3 26. Qxe3 Qxh1+ 27. Ke2
Rd8 28. Qb3 Rd5 29. Qa4 b5 30. Qb3 c5 31. Qc2 a5 32. h4 c4 33. Bc3 b4 34. axb4
axb4 35. Qa4 Qe4+ 0-1

[Event "Let's Play Chess!"]
[Site "http://www.queenalice.com/game.php?id=1765915"]
[Date "2021.8.1"]
[Round "-"]
[White "charles31"]
[Black "Vany21"]
[Result "0-1"]
[WhiteElo "1637"]
[BlackElo "1100"]

1. e4 c5 2. d4 cxd4 3. Qxd4 Nc6 4. Qd1 Nf6 5. Nc3 e6 6. Bg5 h6 7. Bh4 Qb6 8. b3
g5 9. Bg3 Bb4 10. Ne2 Nxe4 11. Qd3 Qa5 12. Qxe4 Bxc3+ 13. Nxc3 Qxc3+ 14. Ke2 d5
15. Qd3 Qxa1 16. Bd6 Qf6 17. Kd2 e5 18. Qxd5 Bf5 19. Bb5 O-O-O 20. Ke3 Rxd6 21.
Qc4 Be6 22. Qc3 Qf4+ 23. Ke2 Qe4+ 24. Qe3 Bg4+ 25. f3 Qxc2+ 0-1

[Event "Let's Play Chess!"]
[Site "http://www.queenalice.com/game.php?id=1765916"]
[Date "2021.8.1"]
[Round "-"]
[White "Vany21"]
[Black "charles31"]
[Result "1-0"]
[WhiteElo "1100"]
[BlackElo "1637"]

1. e4 e5 2. Nf3 d6 3. d4 exd4 4. Nxd4 h6 5. Bf4 a6 6. Nc3 Nf6 7. Be2 Be6 8. Bf3
Qd7 9. e5 dxe5 10. Bxe5 Bc5 11. Bxb7 Bxd4 12. Qxd4 Ra7 13. Qxa7 O-O 14. Bxf6
gxf6 15. Qe3 Kh7 16. Rd1 Qe7 17. Nd5 Qd8 18. Nf4 Bg4 19. Be4+ f5 20. Rxd8 Rxd8
21. Bd3 f6 22. Qe7+ 1-0

[Event "Let's Play Chess!"]
[Site "http://www.queenalice.com/game.php?id=1765921"]
[Date "2021.8.1"]
[Round "-"]
[White "Vany21"]
[Black "bobifixer"]
[Result "1-0"]
[WhiteElo "1222"]
[BlackElo "1993"]

1. e4 c5 2. Nf3 Nc6 3. d4 cxd4 4. Nxd4 Nxd4 5. Qxd4 e6 6. Nc3 d6 7. Be3 Nf6 8.
O-O-O Be7 9. Bb5+ Bd7 10. e5 dxe5 11. Qxe5 O-O 12. Bxd7 Nxd7 13. Qb5 Bf6 14.
Rxd7 Qc8 15. Ne4 Be5 16. Rhd1 Bb8 17. Qg5 Kh8 18. Rd8 1-0

[Event "Let's Play Chess!"]
[Site "http://www.queenalice.com/game.php?id=1767652"]
[Date "2021.8.22"]
[Round "-"]
[White "igorjava"]
[Black "Vany21"]
[Result "0-1"]
[WhiteElo "2014"]
[BlackElo "1267"]

1. e4 c5 2. Nf3 d6 3. d4 cxd4 4. Nxd4 Nf6 5. Nc3 a6 6. a3 e5 7. Nf3 Be7 8. Bc4
O-O 9. O-O Be6 10. Bb3 Nc6 11. Bg5 Na5 12. Bxf6 Bxf6 13. Bd5 Rc8 14. Qd3 Nc4 15.
b3 Nb2 16. Qd2 Qa5 17. b4 Qc7 18. Nd1 Nc4 19. Qd3 Bxd5 20. Qxd5 Rfd8 21. Ne1 Nb6
22. Qb3 d5 23. exd5 Nc4 24. Ne3 Nd2 25. Qa2 Nxf1 26. Kxf1 Bg5 27. Rc1 Bxe3 28.
fxe3 Qb6 29. Qb3 e4 30. c4 Rxd5 31. c5 Rdxc5 32. Rxc5 Rxc5 33. Qd1 Rf5+ 34. Kg1
Qxe3+ 35. Kh1 Rf1# 0-1

[Event "Let's Play Chess!"]
[Site "http://www.queenalice.com/game.php?id=1768134"]
[Date "2021.8.28"]
[Round "-"]
[White "Vany21"]
[Black "charles31"]
[Result "1-0"]
[WhiteElo "1222"]
[BlackElo "1657"]

1. e4 e5 2. f4 exf4 3. Nf3 h6 4. d4 g5 5. Nc3 Bb4 6. h4 f6 7. hxg5 fxg5 8. Bd2
a6 9. g3 fxg3 10. Bxg5 Be7 11. Ne5 Bxg5 12. Qh5+ Kf8 13. Qf7# 1-0

[Event "Let's Play Chess!"]
[Site "http://www.queenalice.com/game.php?id=1768135"]
[Date "2021.8.28"]
[Round "-"]
[White "charles31"]
[Black "Vany21"]
[Result "0-1"]
[WhiteElo "1663"]
[BlackElo "1222"]

1. Nf3 d5 2. d4 Nf6 3. h3 c5 4. dxc5 e6 5. b4 a5 6. c3 axb4 7. cxb4 b6 8. cxb6
Bxb4+ 9. Bd2 Qxb6 10. Nc3 d4 11. Na4 Bxd2+ 12. Qxd2 Rxa4 13. g3 Ne4 14. Qc2 Nc3
15. a3 Ba6 16. e4 Bxf1 17. Kxf1 O-O 18. Nd2 Nc6 19. Kg2 Ne5 20. f4 Nc4 21. Nxc4
Rxc4 22. Qd3 Qc6 23. Rhe1 f5 24. Kh2 fxe4 0-1

[Event "Let's Play Chess!"]
[Site "http://www.queenalice.com/game.php?id=1768190"]
[Date "2021.8.28"]
[Round "-"]
[White "Vany21"]
[Black "Nikita"]
[Result "1-0"]
[WhiteElo "1222"]
[BlackElo "1455"]

1. e4 e5 2. Nf3 d6 3. d4 Bg4 4. dxe5 Bxf3 5. Qxf3 dxe5 6. Bc4 Nf6 7. Qb3 Qd7 8.
Qxb7 Qd4 9. Bb5+ c6 10. Bxc6+ Nxc6 11. Qxc6+ Ke7 12. Qxa8 Nxe4 13. Be3 Qxb2 14.
Qxe4 Qxa1 15. O-O Ke6 16. Rd1 f5 17. Qd5+ Ke7 18. Bg5+ Ke8 19. Qe6+ Be7 20.
Qxe7# 1-0

[Event "Let's Play Chess!"]
[Site "http://www.queenalice.com/game.php?id=1768553"]
[Date "2021.9.2"]
[Round "-"]
[White "Vany21"]
[Black "Atacante"]
[Result "1-0"]
[WhiteElo "1222"]
[BlackElo "1851"]

1. e4 Nc6 2. Nf3 e5 3. d4 Nxd4 4. Nxd4 exd4 5. Qxd4 d6 6. Nc3 Nf6 7. Bf4 Be7 8.
O-O-O Be6 9. Be2 O-O 10. h3 a6 11. g4 Bd7 12. g5 Ne8 13. h4 Bc6 14. Kb1 f5 15.
Nd5 fxe4 16. Qxe4 Bxd5 17. Qxd5+ Kh8 18. Qf3 c6 19. Bd3 Nc7 20. Qe4 g6 21. h5 d5
22. Qe5+ 1-0